Závody stavebného priemyslu

Gespeichert in:
Bibliographische Detailangaben
1. Verfasser: Šimovič, Juraj (Verfasst von)
Format: Buch
Sprache:Slowakisch
Veröffentlicht: Bratislava : SVŠT v Bratislave, 1984
Tags: Tag hinzufügen
Keine Tags, Fügen Sie das erste Tag hinzu!

MARC

LEADER 00000nam a22000003a 4500
001 stu89621
005 20200911124013.9
008 040818s1984----cs------------------slo-d
040 |a STU  |b slo 
041 0 |a slo 
044 |a cs 
080 |a 69 
100 1 |a Šimovič, Juraj  |4 aut 
245 1 |a Závody stavebného priemyslu 
260 |a Bratislava :  |b SVŠT v Bratislave,  |c 1984 
300 |a 176 s 
996 |b 284V022025  |c V*19506/S-84  |l VVS  |s A  |a 24  |w stu89621_0001 
996 |b 284V023561  |c V*28266/O-11874a  |l VVT  |s A  |a 24  |w stu89621_0002 
996 |b 284V022023  |c V*19509/S-84  |l VVS  |s A  |a 24  |w stu89621_0003